| 000 | 00630cam a2200205 4500500 | ||
|---|---|---|---|
| 005 | 20260329004754.0 | ||
| 041 | _afre | ||
| 042 | _adc | ||
| 100 | 1 | 0 |
_aMorel, François _eauthor |
| 245 | 0 | 0 | _aConseil n° 6 : Lavons-nous les mains, mais n’oublions pas les pieds |
| 260 | _c2021. | ||
| 500 | _a73 | ||
| 690 | _aConfinement | ||
| 690 | _aCovid | ||
| 690 | _aFrançois Morel | ||
| 690 | _aHumour | ||
| 690 | _avaccin | ||
| 786 | 0 | _nPhilosophie magazine | 147 | 3 | 2021-03-01 | p. 90-91 | 1951-1787 | |
| 856 | 4 | 1 | _uhttps://shs.cairn.info/magazine-philosophie-magazine-2021-3-page-90?lang=fr&redirect-ssocas=7080 |
| 999 |
_c1837148 _d1837148 |
||